| 000 | 01059nas a2200349 4500 | ||
|---|---|---|---|
| 001 | BR0302294 | ||
| 003 | BR-BrBNA | ||
| 005 | 20231205103750.0 | ||
| 007 | ta | ||
| 008 | 230509b bl.|||p| |||| 00| 00por d | ||
| 040 |
_aBR-BrBNA _bpor _cBiblioteca Nacional de Agricultura |
||
| 041 | _a(Pt) | ||
| 072 | _aF04; F60; F61 | ||
| 100 | 1 | _aArgenta, G. | |
| 100 | 1 | _aSilva, P.R.F. | |
| 100 | 1 | _aFosthofer, E.L. | |
| 100 | 1 | _aStrieder, M.L. | |
| 100 | 1 | _aSuhre, E. | |
| 100 | 1 | _aTeichmann, L.L. | |
| 245 | 1 | _aAdubação nitrogenada em milho pelo monitoramento do nível de nitrogênio na planta por meio do clorofilômetro | |
| 650 | _aMILHO | ||
| 650 | _aFERTILIZANTE NITROGENADO | ||
| 650 | _aADUBAÇÃO | ||
| 650 | _aANÁLISE QUANTITATIVA | ||
| 650 | _aCLOROFILA | ||
| 650 | _aGRÃO | ||
| 650 | _aRENDIMENTO | ||
| 650 | _aVALOR NUTRITIVO | ||
| 773 | 0 |
_tRevista Brasileira de Ciência do Solo (Brazil) _xISSN 0100-0683 _g(Jan-Feb 2003), v. 27(1) p. 109-119 _wBR0302294 |
|
| 909 |
_a202311 _bLúcia _c55 _dLúcia Elande |
||
| 942 |
_2AGRIS _n0 _cANA |
||
| 999 |
_c174611 _d174611 |
||